LIBRARY & INFORMATION CENTRE, KCAET, TAVANUR

ONLINE PUBLIC ACCESS CATALOGUE (OPAC)

Normal view MARC view
  • Smith,Julian. C.

Entry Personal Name

Number of records used in: 1

001 - CONTROL NUMBER

  • control field: 1239

003 - CONTROL NUMBER IDENTIFIER

  • control field: OSt

005 - DATE AND TIME OF LATEST TRANSACTION

  • control field: 20160819155743.0

008 - FIXED-LENGTH DATA ELEMENTS

  • fixed length control field: 160819|| aca||aabn | a|a d

040 ## - CATALOGING SOURCE

  • Original cataloging agency: OSt
  • Transcribing agency: OSt

100 ## - HEADING--PERSONAL NAME

  • Personal name: Smith,Julian. C.

670 ## - SOURCE DATA FOUND

  • Source citation: Work cat.: (OSt): McCabe,Warren. L 1238, Unit Operations of Chemical Engineering, 2015
free website counter